ŞÜPHE ASLA UYUMAZ (Record no. 1077285)

MARC details
000 -LEADER
sabit uzunluktaki kontrol alanı 00247nam a2200097Ia 4500
001 - KONTROL NUMARASI
kontrol alanı 1077285
005 - EN SON İŞLEMİN TARİH VE ZAMANI
kontrol alanı 20250827002312.0
008 - SABİT-UZUNLUKTA VERİ ÖĞELERİ--GENEL BİLGİ
sabit uzunluktaki kontrol alanı 250824s9999 xx 000 0 und d
245 #0 - ESER / YAZAR
ESER ADI ŞÜPHE ASLA UYUMAZ
Yazar Adı SHERLOCK HOLMES
260 ## - YAYIN, DAĞITIM, VB.
YAYIN EVİ MARTI YAYINCILIK

No items available.